000 00240nam a22000977a 4500
008 160512b xxu||||| |||| 00| 0 eng d
041 _aeng
080 _a612.39
245 _aTeknologjia e perpunimit te mishit:
_cMihail Danev;
942 _2udc
_cBK
999 _c2112
_d2112